| 000 | 00522nam a22001817a 4500 | ||
|---|---|---|---|
| 003 | BD-ChCU | ||
| 005 | 20260113120616.0 | ||
| 008 | 260113b bg ||||| |||| 00| 0 ben d | ||
| 040 | _cBD-ChCU | ||
| 082 | _a297.44 SUM | ||
| 100 |
_aSulaiman Nadvi, Saiyid. _919112 |
||
| 245 |
_aMuhammad : _bthe ideal prophet.// _cSaiyed Sulaiman Nadvi. |
||
| 260 |
_aKarachi, _bWal-uloomil Islamic _c1977 |
||
| 300 | _a191p | ||
| 650 | 0 |
_aHazarat Mohammad (S). _919113 |
|
| 700 |
_aSulaiman Nadvi Saiyid. _919114 |
||
| 942 |
_2ddc _cBK _n0 |
||
| 999 |
_c110975 _d110975 |
||